| 000 | 00408cam a2200157ua 4500 | ||
|---|---|---|---|
| 999 |
_c5526 _d5526 |
||
| 003 | OSt | ||
| 008 | 180914b ||||| |||| 00| 0 eng d | ||
| 020 | _a0-582-46049-2 | ||
| 082 |
_a631.47133 _bLAN/BO |
||
| 100 |
_aLandon, J R . _93305 |
||
| 245 | 0 | 0 | _aBooker tropical soil manual / |
| 250 | _a1 / | ||
| 260 |
_a : _bBooker Agricultural International Limited , _c1984. |
||
| 300 | _a450 ; . | ||
| 942 | _cBK | ||